00740nam a22001937a 4500999001900000005001700019010001300036020002600049035001300075037000900088082001200097100001900109245009000128260004200218270008500260300002700345942002600372952014800398 c181240d18124020210906154542.0 aB-741396 a9788177690873c149.00 aB-741396 bGift a294.391 aKimura, Ryukan aThe original and developed doctrines of Indian Buddhism in charts /cby Ryukan Kimura bPilgrims Publishing aNew Delhic2004 a9 Netaji Subhash Marg, 2nd Floor, Near Nehru Hotel, DaryaganjbNew Delhie110002 a73p.:c24cm(pbk)bill. 2ddccENh294.391mKIM 001040708NFICaLbLd2021-09-06eGift/Eng/18-08-2021g149.00l0o294.391 KIMpB-741396r2021-09-06 00:00:00t1v149.00w2021-09-06yENzGift